000
00292nam a22001457a 4500
008
210426b ||||| |||| 00| 0 eng d
020
_a
087901041x
041
_a
eng
080
_a
53
082
_a
53
100
_a
43
101
_a
FIZ
245
_a
Physics
_c
Tipler,P.A
942
_2
udc
_c
BK
999
_c
56693
_d
56693